Elementos modernos de estadística empresarial (Registro nro. 1277)
[ vista simple ]
| 000 -LEADER | |
|---|---|
| fixed length control field | 01412 a2200217 4500 |
| 001 - CONTROL NUMBER | |
| control field | 25035 |
| 005 - DATE AND TIME OF LATEST TRANSACTION | |
| control field | 20260407155534.0 |
| 008 - FIXED-LENGTH DATA ELEMENTS--GENERAL INFORMATION | |
| fixed length control field | 260407a1973 arg spa d |
| 003 - CONTROL NUMBER IDENTIFIER | |
| control field | AR-UNSa-BCEJYS |
| 040 ## - CATALOGING SOURCE | |
| Original cataloging agency | AR-UNSa-BCEJYS |
| Language of cataloging | spa |
| Transcribing agency | AR-UNSa-BCEJYS |
| 080 ## - UNIVERSAL DECIMAL CLASSIFICATION NUMBER | |
| Universal Decimal Classification number | 519.2 |
| Common auxiliary subdivision | Probabilidades y estadística matemática<br/> |
| 100 1# - MAIN ENTRY--PERSONAL NAME | |
| Personal name | Freund, John E. |
| 245 10 - TITLE STATEMENT | |
| Title | Elementos modernos de estadística empresarial |
| 264 #1 - PRODUCTION, PUBLICATION, DISTRIBUTION, MANUFACTURE, AND COPYRIGHT NOTICE | |
| Place of production, publication, distribution, manufacture | Bogotá : |
| Name of producer, publisher, distributor, manufacturer | Prentice/Hall Internacional |
| Date of production, publication, distribution, manufacture, or copyright notice | 1973 |
| 300 ## - PHYSICAL DESCRIPTION | |
| Extent | ix, 461 p. |
| Dimensions | 24 cm. |
| 505 ## - FORMATTED CONTENTS NOTE | |
| Formatted contents note | 1. Introducción - 2. Reducción de datos : distribuciones de frecuencias - 3. Reducción de datos : descripciones estadísticas - 4. Reducción de datos : números índices - 5. Probabilidades - 6. Esperanzas, juegos y decisiones - 7. Distribuciones de probabilidad - 8. Muestreo y distribuciones muestrales - 9. Teoría de la decisión : Estimación - 10. Teoría de la decisión : Contraste de hipótesis - 11. Decisión : Análisis de la varianza - 12. Decisión : Estadígrafos simplificados y métodos no paramétricos - 13. Teoría de la decisión : regresión y correlación - 14. Teoría de la decisión : Análisis de series cronológicas - 15. Planeación de la investigación empresarisl - 16. Introducción a la investigación de operaciones. |
| 590 ## - LOCAL NOTE (RLIN) | |
| Local note | niveau_biblio:m niveau_hierar:0 |
| 700 1# - ADDED ENTRY--PERSONAL NAME | |
| Personal name | Williams, Frank J. |
| 700 1# - ADDED ENTRY--PERSONAL NAME | |
| Personal name | Castaño Ceballos, Jesús Maria |
| 942 ## - ADDED ENTRY ELEMENTS (KOHA) | |
| Koha item type | |
| Withdrawn status | Lost status | Damaged status | Not for loan | Home library | Current library | Shelving location | Date acquired | Total checkouts | Full call number | Barcode | Date last seen | Price effective from | Koha item type |
|---|---|---|---|---|---|---|---|---|---|---|---|---|---|
| Biblioteca Prof. Eusebio Cleto del Rey | Biblioteca Prof. Eusebio Cleto del Rey | 07/04/2026 | 519.2 F889 | L25844 | 07/04/2026 | 07/04/2026 | Libro | ||||||
| Biblioteca Prof. Eusebio Cleto del Rey | Biblioteca Prof. Eusebio Cleto del Rey | 07/04/2026 | 519.2 F889 | L25845 | 07/04/2026 | 07/04/2026 | Libro |